Financial aspects of pension business/ (Record no. 147468)

MARC details
000 -LEADER
fixed length control field 00660nam a2200229 a 4500
008 - FIXED-LENGTH DATA ELEMENTS--GENERAL INFORMATION
fixed length control field
020 ## - INTERNATIONAL STANDARD BOOK NUMBER
International Standard Book Number 0907323928 (pbk.)
090 ## - LOCALLY ASSIGNED LC-TYPE CALL NUMBER (OCLC); LOCAL CALL NUMBER (RLIN)
Classification number (OCLC) (R) ; Classification number, CALL (RLIN) (NR) HD7091
Local cutter number (OCLC) ; Book number/undivided call number, CALL (RLIN) TUT
003 - CONTROL NUMBER IDENTIFIER
control field
005 - DATE AND TIME OF LATEST TRANSACTION
control field 20230123133354.0
040 ## - CATALOGING SOURCE
Transcribing agency NUST
049 ## - LOCAL HOLDINGS (OCLC)
Holding library MAIN
100 1# - MAIN ENTRY--PERSONAL NAME
Personal name Tutt, L. W. G.
245 10 - TITLE STATEMENT
Title Financial aspects of pension business/
Remainder of title L. W. G. Tutt and S. I. M. Tutt.
260 ## - PUBLICATION, DISTRIBUTION, ETC.
Place of publication, distribution, etc. London :
Name of publisher, distributor, etc. CII Tuition Service,
Date of publication, distribution, etc. 1986
300 ## - PHYSICAL DESCRIPTION
Extent 1 v. (various pagings) ;
Dimensions 30cm.
500 ## - GENERAL NOTE
General note Includes index.
650 ## - SUBJECT ADDED ENTRY--TOPICAL TERM
Topical term or geographic name entry element Pensions
General subdivision Finance.
700 ## - ADDED ENTRY--PERSONAL NAME
Personal name Tutt S. W. G.
907 ## - LOCAL DATA ELEMENT G, LDG (RLIN)
a .b10085026
b 14-02-13
c 29-07-03
942 ## - ADDED ENTRY ELEMENTS (KOHA)
Koha item type Ordinary Loan Books
Call number prefix HD7091
Call number suffix TUT
Holdings
Date last seen Total Checkouts Full call number Barcode Cost, replacement price Price effective from Koha item type Lost status Source of classification or shelving scheme Damaged status Not for loan Collection Withdrawn status Home library Current library Shelving location Date acquired Cost, normal purchase price
01/23/2023 10 HD7091 TUT 92003003875 80.00 01/23/2023 BOOKS   lcc     NFIC   MAIN MAIN GEN 01/23/2023 80.00